000 00988nam a2200265Ia 4500
003 OSt
005 20221005105751.0
006 a|||||r|||| 00| 0
007 ta
008 221004b |||||||| |||| 00| 0 hin d
020 _a9788173094453
_c180
024 _a121623
037 _b13329, 17/07/2012, Kitab Ghar
_cTextual
040 _aCRL
_cCRL
_bhin
041 _2hin
_ahin
082 _aO152,3N11x, Q1
100 _aपालीवाल, कृष्णदत्त
245 0 _aनगा पर्वत की एक घटना
246 _aNagā parvat kī ek ghaṭanā
260 _aनई दिल्ली
_bसस्ता साहित्य मण्डल प्रकाशन भारत
_c2011
300 _a159पृ0
_ccm.
650 _aहिन्दी साहित्य
942 _hO152,3N11x, Q1
_cTEXL
_2cc
999 _c1016846
_d1016846